000 01035nam a22002897a 4500
001 06962
003 HDC
007 cr bn ---
008 210126p2018 ||||| |||| 00| 0 eng d
040 _aHDC
100 _a Park, Mingyu,
_eauthor
_97433
245 2 _aA Framework of Halal Industry Support System in non-Muslim Country: A Focus /
_cMingyu Park and Mohamad Aizat Jamaludin
260 _aKuala Lumpur :
_bInternational Islamic University Malaysia,
_c2018
336 _atext
_2rdacontent
337 _acomputer
_2rdamedia
338 _aonline resource
_2rdacarrier
650 _aHalal Ecosystem
_91808
650 _aHalal Industry
_9144
650 _aHalal Korea
_97434
650 _aHalal Policy
_92189
650 _aHalal Support
_97435
700 _aMohamad Aizat Jamaludin,
_eauthor
_9891
856 _zRequest full-text at [email protected]
942 _2lcc
942 _cAR
942 _kJART 000621
999 _c4286
_d4286